Score 0/10 Timer 03:00
0 Plays Today
Hint Answer % Correct
2.Mexico
73.5%
9.Russia
73.5%
5.Iraq
63.2%
7.Afghanistan
55.9%
6.Somalia
50%
10.Pakistan
48.5%
8.Sudan
39.7%
1.Haiti
36.8%
3.Kenya
26.5%
4.Myanmar
22.1%
Remove Ads.
Support Sporcle.
Get the best of Sporcle when you Go Orange. This ad-free experience offers more features, more stats, and more fun while also helping to support Sporcle. Thank you for becoming a member.

You're not logged in!

Compare scores with friends on all Sporcle quizzes.
OR
Log In

Show Comments

Extras

Top Quizzes Today


Score Distribution

Your Account Isn't Verified!

In order to create a playlist on Sporcle, you need to verify the email address you used during registration. Go to your Sporcle Settings to finish the process.

Report this User

Report this user for behavior that violates our Community Guidelines.

Details: